000 01153nam a2200229Ia 4500
003 Ost
005 20260507075432.0
008 260507s9999||||xx |||||||||||||| ||und||
020 _a9775673526
040 _cfsecg
041 _aara
082 _a332.4044
100 _aالنجار، عنايات
_eمؤلف
245 0 _aدليل المتعاملين في بورصة الأوراق المالية /
_c عنايات النجار
260 _aالقاهرة:
_bالمنظمة العربية للتنمية الادارية,
_c2006
300 _a102 صفحة؛
_bإيضاحات ؛
_c24 سم
490 _aبحوث ودراسات
_v419 المنظمة الع
520 _aيضم بورصة الاوراق المالية ووضعها على خريطة اسواق المال، الادوات المالية المتداولة في البورصة، الاستثمار في الاوراق المالية هو استثمار قائم على المعرفة، عمليات التداول في البورصة، النحافظ وصناديق الاستثمار
653 _aالاوراق المالية
653 _aالبورصة
942 _cكتاب
999 _c44519
_d44519